000 00621nam a22001937a 4500
005 20250925163822.0
010 _aENG-146854
020 _a9789358702187
_c599.00
035 _aEN-130386
037 _bDBAD
082 _21
_a000
100 _aDhankar, Ravindra
_985212
245 _aGeneral Knowledge Oneliners 35000+/
_cRavindra Dhankar
260 _aUttar Pradesh
_bS. Chand Publishing
_c2025
270 _aD-92, Sector-2, Noida
_bUttar Pradesh
_e201301
_k61-120-4682700
300 _a632p.
_c27cm(pb)
500 _aEssential Ingredients for all Competitive Exams
942 _2ddc
_cEN
_mDHA
_h000
999 _c213459
_d213459